000 00490nam a2200181Ia 4500
999 _c28510
_d28510
003 OSt
005 20260305115903.0
008 190216s9999||||xx |||||||||||||| ||und||
020 _a9788126411955
040 _coclc
082 _a894.8123
_bJAM/L
100 1 _aJayiṃs, Vi. Je.,
_d1961-
_99428
245 0 _aLaika /
_cV J James
260 _bDc Books,
_aKottayam:
_c2006.
300 _a71p
650 _aNovel
942 _cBK
_2ddc
_h894.8123
_iJAM/L
_k894.8123
_mJAM/L